000 00950nas a2200277 4500
001 BR8000883
003 BR-BrBNA
005 20231205084139.0
007 ta
008 230509b bl.|||p| |||| 00| 00por d
040 _aBR-BrBNA
_bpor
_cBiblioteca Nacional de Agricultura
041 _a(Pt)
072 _aL40
100 1 _aMello, R. de L.S.
245 1 _aUma forma anormal em concha de Anadara notabilis Roding, 1798 (Molusca: Bivalvia)[Ilha de Itamaraca; Pernambuco; Brasil]
246 1 _a[An uncommon form of Anadara notabilis Roding, 1798 (Molusca; Bivalvia)[Itamaraca Island; Pernambuco; Brazil]]
650 _aEstrutura animal
650 _aMolusco
650 _aConcha
650 _aMorfologia animal
650 _aIlha de Itamaraca
650 _aPernambuco
773 0 _tCaderno Omega (Brazil)
_xISSN 0100-2732
_g(Jan 1979), v. 3(1-2) p. 169-173
_wBR8000883
909 _a202311
_bLúcia
_c55
_dLúcia Elande
942 _2AGRIS
_n0
_cANA
999 _c103419
_d103419